Countries Where YouTube is Blocked - Statistics

General Stats
  • This quiz has been taken 84 times
  • The average score is 4 of 9
Answer Stats
Answer % Correct
China
86%
North Korea
86%
Iran
69%
Syria
53%
Sudan
22%
South Sudan
18%
Turkmenistan
18%
Eritrea
14%
Kyrgyzstan
6%
No matching quizzes found
Score Distribution
Percent of People with Each Score
Percentile by Number Answered
Your Score History
You have not taken this quiz